Retaliatory evictions (Record no. 84780)

MARC details
000 -LEADER
fixed length control field 01258cab a22002415a 4500
001 - CONTROL NUMBER
control field L159026
008 - FIXED-LENGTH DATA ELEMENTS--GENERAL INFORMATION
fixed length control field 151210e2015 xxk 000 0 eng d
035 ## - SYSTEM CONTROL NUMBER
System control number (Sirsi) u159026
041 0# - LANGUAGE CODE
Language code of text/sound track or separate title eng
100 1# - MAIN ENTRY--PERSONAL NAME
Personal name Thompson, Adrian
245 00 - TITLE STATEMENT
Title Retaliatory evictions
Remainder of title Restricting misuse of section 21 notices
260 ## - PUBLICATION, DISTRIBUTION, ETC.
Date of publication, distribution, etc. 20145
490 ## - SERIES STATEMENT
Series statement Letting Update Journal
Volume/sequential designation 23(3) October 2015, 14-16(3)
520 ## - SUMMARY, ETC.
Summary, etc. Outlines and explains measures introduced by the Deregulation Act 2015 to stop retaliatory evictions by landlords serving s21 notices under the Housing Act 1988 on assured shorthold tenancies commenced on or after 1 October 2015 in England. Where a notice has been served under the Housing Health and Safety Rating System (HHSRS) under s33 and 34 of the 2015 Act a s21 notice cannot be served for six months and if a tenant asks an agent or landlord for works to be completed a s21 notice served in retaliation to that request for works may be rendered invalid in certain situations.
590 ## - LOCAL NOTE (RLIN)
Local note KA
650 24 - SUBJECT ADDED ENTRY--TOPICAL TERM
Topical term or geographic name entry element DEREGULATION ACT 2015
650 24 - SUBJECT ADDED ENTRY--TOPICAL TERM
Topical term or geographic name entry element HOUSING ACT 1988
650 24 - SUBJECT ADDED ENTRY--TOPICAL TERM
Topical term or geographic name entry element RETALIATORY EVICTIONS
650 24 - SUBJECT ADDED ENTRY--TOPICAL TERM
Topical term or geographic name entry element HOUSING HEALTH AND SAFETY RATING SYSTEM
651 #4 - SUBJECT ADDED ENTRY--GEOGRAPHIC NAME
Geographic name England
Chronological subdivision 886-
690 ## - LOCAL SUBJECT ADDED ENTRY--TOPICAL TERM (OCLC, RLIN)
Topical term or geographic name as entry element Landlord and tenant
9 (RLIN) 6252
942 ## - ADDED ENTRY ELEMENTS (KOHA)
Suppress in OPAC 0
Holdings
Withdrawn status Lost status Source of classification or shelving scheme Damaged status Not for loan Home library Current library Shelving location Date acquired Total Checkouts Full call number Barcode Date last seen Copy number Price effective from Koha item type
    Dewey Decimal Classification     London London Journals 10/12/2015   L159026 159026-1001 06/08/2019 1 06/08/2019 Journal article